| 000 | 00479nam a2200181Ia 4500 | ||
|---|---|---|---|
| 005 | 20250312062452.0 | ||
| 008 | 240331s9999 xx 000 0 und d | ||
| 020 | _a0415102448 | ||
| 082 |
_a301.01 _bSMI _23603 |
||
| 100 | _aSmith, D. E | ||
| 245 | 0 |
_aTexts, Facts and Femininity: _bExploring the Relations of Ruling |
|
| 260 |
_aLondon; _aNew York, _bRoutledge _c1993 |
||
| 300 | _avii, 247 p., | ||
| 650 | _aFeminism | ||
| 650 | _aSociology | ||
| 650 | _aPolitics | ||
| 942 | _cL | ||
| 999 |
_c1056 _d1056 |
||